LEADER 01573nam a2200397 a 4500
001 c000168454
003 CARM
005 19990916000000.0
008 860617s1986 cauaf b s110 0aeng
010 |a 86050752 
019 1 |a 6115233  |5 LACONCORD2021 
035 |a (OCoLC)19847396  |5 LACONCORD2021 
040 |a DLC  |b eng  |c DLC  |d DLC  |d LC 
043 |a n-us--- 
050 0 0 |a QC858.N33  |b N36 1985 
082 0 4 |a 551.5  |2 19 
082 0 4 |a 551.5  |2 19 
111 2 |a Namias Symposium,  |d (1985 :  |c Scripps Institution of Oceanography) 
245 1 0 |a Namias Symposium /  |c edited by John O. Roads. 
260 |a La Jolla, Calif. :  |b Scripps Institution of Oceanography, University of California, San Diego,  |c [1986] 
300 |a 198 p., [4] p. of plates :  |b ill. ;  |c 25 cm. 
490 1 |a Scripps Institution of Oceanography reference series ;  |v 86-17. 
500 |a "Limited first edition"--T.p. verso. 
500 |a "August 1986." 
504 |a Includes bibliographies. 
600 1 0 |a Namias, Jerome  |x Congresses. 
650 0 |a Ocean-atmosphere interaction  |x Congresses. 
650 0 |a Long-range weather forecasting  |x Congresses. 
650 0 |a Meteorologists  |z United States  |x Biography. 
700 1 |a Namias, Jerome. 
700 1 |a Roads, John Owen. 
710 2 |a Scripps Institution of Oceanography. 
830 0 |a SIO reference ;  |v no. 86-17. 
852 8 |b CARM  |h A2:AN27F0  |i C06030  |p 0225838  |f BK 
999 f f |i 5ffd5230-b16f-574f-95a5-347b1d8c91e0  |s 16d95c04-6918-5923-8e44-f22d97c6bf60 
952 f f |p Can circulate  |a CAVAL  |b CAVAL  |c CAVAL  |d CARM 1 Store  |e C06030  |f A2:AN27F0  |h Other scheme  |i book  |m 0225838